000 01089cam a2200277 a 4500
999 _c128866
_d128866
001 12983339
003 ARRUPE
005 20190130111200.0
008 971117s1996 enkab b 001 0 eng d
010 _a 2002491837
020 _a1870098641
035 _a(OCoLC)ocm39833083
040 _aPUL
_cPUL
_dDLC
050 0 0 _aHC79.E5
_bD67 1996b
082 0 0 _a338.9
_221
100 1 _aDouthwaite, R. J.
_944292
245 1 0 _aShort circuit :
_bstrengthening local economies for security in an unstable world /
_cRichard Douthwaite.
260 _aDevon, England :
_bGreen Books ;
_aDublin :
_c1996.
300 _axiv, 386 p. :
_bill., maps ;
_c24 cm.
504 _aIncludes bibliographical references and index.
650 0 _aSustainable development.
_94997
650 0 _aCommunity development.
_98596
650 0 _aStates, Small
_xEconomic conditions.
_944293
906 _a7
_bcbc
_ccopycat
_d2
_encip
_f20
_gy-gencatlg
942 _2lcc
_cMONOGRAPH